Asignación de la generación eléctrica en un mercado mayorista. Caso: Guatemala
Na minha lista:
| Autor principal: | |
|---|---|
| Outros Autores: | |
| Formato: | Livro |
| Idioma: | Spanish |
| Publicado em: |
[San José ], Costa Rica
2017
|
| Assuntos: | |
| Tags: |
Adicionar Tag
Sem tags, seja o primeiro a adicionar uma tag!
|
MARC
| LEADER | 00000nam a22000007a 4500 | ||
|---|---|---|---|
| 003 | 012702 | ||
| 005 | 20231129095956.0 | ||
| 008 | 171004b2017 cr a|||| m||| 00| ||spa d | ||
| 040 | |c cru CEDI | ||
| 090 | |a TFG 7853 | ||
| 100 | |a Morales Ramírez, Juan Diego, 1990- |9 1912 | ||
| 245 | |a Asignación de la generación eléctrica en un mercado mayorista. Caso: Guatemala | ||
| 260 | |a [San José ], Costa Rica |c 2017 | ||
| 300 | |a xi, 73 hojas ; ilustraciones | ||
| 500 | |a "IE-0499 Proyecto eléctrico”, Proyecto de graduación (bachillerato en ingeniería eléctrica)--Universidad de Costa Rica. Facultad de Ingeniería. Escuela de Ingeniería Eléctrica | ||
| 501 | |a Profesor Guía de IE-0499 Proyecto Eléctrico: Dr. Jorge Blanco Roldán | ||
| 650 | |x ENERGIA ELECTRICA - MEDICIONES - GUATEMALA |x ENERGIA ELECTRICA - GUATEMALA |x ASPECTOS ECONOMICOS |9 10048 | ||
| 700 | |a Blanco Roldán, Jorge, 1950- |d Director de Proyecto Eléctrico |9 736 | ||
| 942 | |c TFG |h TFG 7853 |i 012702 |6 TFG_7853_012702000000000 | ||
| 999 | |c 19077 |d 19077 | ||
